MAASAI MARA UNIVERSITY

LIBRARY CATALOGUE

Contact Us: +254 020 2685356/7 or 0774 057787

Box: 861-20500, NAROK, KENYA

Email: info@mmarau.ac.ke

QuarkXPress 4 for Windows / (Record no. 16248)

MARC details
000 -LEADER
fixed length control field 01064nam a22003137a 4500
003 - CONTROL NUMBER IDENTIFIER
control field OSt
005 - DATE AND TIME OF LATEST TRANSACTION
control field 20210930081034.0
008 - FIXED-LENGTH DATA ELEMENTS--GENERAL INFORMATION
fixed length control field 160126b xxu||||| |||| 00| 0 eng d
010 ## - LIBRARY OF CONGRESS CONTROL NUMBER
LC control number 98184967
020 ## - INTERNATIONAL STANDARD BOOK NUMBER
International Standard Book Number 0201696991
035 ## - SYSTEM CONTROL NUMBER
System control number (OCoLC)39163429
040 ## - CATALOGING SOURCE
Original cataloging agency MMU
Transcribing agency MMU
Modifying agency mmuMMU
Language of cataloging eng
042 ## - AUTHENTICATION CODE
Authentication code lccopycat
050 00 - LIBRARY OF CONGRESS CALL NUMBER
Classification number Z253.532.Q37
Item number W48 1998
082 00 - DEWEY DECIMAL CLASSIFICATION NUMBER
Classification number 686.2/25445369
Edition number 21
100 1# - MAIN ENTRY--PERSONAL NAME
Personal name Weinmann, Elaine.
245 10 - TITLE STATEMENT
Title QuarkXPress 4 for Windows /
Statement of responsibility, etc. Elaine Weinmann.
246 3# - VARYING FORM OF TITLE
Title proper/short title QuarkXPress four for Windows
246 14 - VARYING FORM OF TITLE
Title proper/short title QuarkXPress for Windows
260 ## - PUBLICATION, DISTRIBUTION, ETC. (IMPRINT)
Place of publication, distribution, etc. Berkeley, Calif. :
Name of publisher, distributor, etc. Peachpit Press,
Date of publication, distribution, etc. c1998.
300 ## - PHYSICAL DESCRIPTION
Extent xx, 345 p. :
Other physical details ill. ;
Dimensions 24 cm.
440 #0 - SERIES STATEMENT/ADDED ENTRY--TITLE
Title Visual quickstart guide
500 ## - GENERAL NOTE
General note Includes index.
630 00 - SUBJECT ADDED ENTRY--UNIFORM TITLE
Uniform title QuarkXPress (Computer file)
650 #0 - SUBJECT ADDED ENTRY--TOPICAL TERM
Topical term or geographic name as entry element Desktop publishing.
906 ## - LOCAL DATA ELEMENT F, LDF (RLIN)
a 7
b cbc
c copycat
d 2
e ncip
f 19
g y-gencatlg
942 ## - ADDED ENTRY ELEMENTS (KOHA)
Source of classification or shelving scheme Library of Congress Classification
Koha item type L
Holdings
Withdrawn status Lost status Source of classification or shelving scheme Damaged status Not for loan Home library Current library Date acquired Source of acquisition Total Checkouts Full call number Barcode Date last seen Price effective from Koha item type
    Library of Congress Classification     Maasai Mara University Library -Main Campus Maasai Mara University Library -Main Campus 01/26/2016 Donation   Z253.532 .Q37W48 1998 20128711 01/26/2016 01/26/2016 L
© 2016 Maasai Mara University.